00622 2200241 4500001002100000005001700021008004100038035002400079082001300103090002000116100002300136245005300159250001100212260002600223300001900249500003000268650002000298850001500318980001300333985000600346986001300352999001500365YOGYA-0209000001498320090227022459.0 ind  0010-020900000014983 a340.0992 a340.0992bHad H aHADIKUSUMA, Hilman aHukum waris adatcdisusun oleh Hilman Hadikusuma aCet. 1 aBandungbAlumnic1980 a164 hlmc21 cm aBibliografi :hlm. 156-159 aHukum pewarisan aYOPDYOG(B) a15-08-05 a1 afwhrtrev aP000016922